Plan de acción de biodiversidad para la implementación de la Política Nacional para la Gestión Integral de la Biodiversidad y sus Servicios Ecosistémicos 2016-2030 / (Registro nro. 20276)

Detalles MARC
000 -CABECERA
Campo de control 01049nam a2200229 a 4500
005 - FECHA Y HORA DE LA ULTIMA TRANSACCION
Campo de control 20180731152527.0
008 - ELEMENTOS DE LONGITUD FIJA—INFORMACION GENERAL
Campo de control 180731s2017 ck bdo||r||||f00| 0 spa d
020 ## - ISBN
ISBN 9789588901329
040 ## - FUENTE DE CATALOGACIÓN
Agencia catalogadora original CO-BoIAVH
Agencia transcriptora CO-BoIAVH
041 0# - IDIOMA
Código de idioma para texto/pista de sonido o título separado Español
044 ## - PAÍS DE PUBLICACIÓN
País de publicación Colombia
082 04 - NUMERO DE CLASIFICACION DECIMAL DEWEY
Número de clasificación 333.9515
Número del ítem C71p
110 1# - ASIENTO PRINCIPAL--NOMBRE CORPORATIVO
Nombre corporativo o de jurisdicción como elemento de entrada Colombia
Unidad subordinad Ministerio de Ambiente y Desarrollo Sostenible
9 (RLIN) 91988
245 10 - MENCION DE TITULO
Título Plan de acción de biodiversidad para la implementación de la Política Nacional para la Gestión Integral de la Biodiversidad y sus Servicios Ecosistémicos 2016-2030 /
Mención de responsabilidad Ministerio de Ambiente y Desarrollo Sostenible
246 14 - FORMA VARIANTE DEL TITULO
Título propiamente dicho/forma breve del título PAB :
Parte restante del título Plan de acción de Biodiversidad 2016 - 2030
260 ## - PUBLICACION, DISTRIBUCION, ETC. (PIE DE IMPRENTA)
Lugar de publicación, distribución, etc. Boogotá (Colombia) :
Nombre del editor, distribuidor, etc. Minambiente,
Fecha de publicación, distribución, etc. 2017.
300 ## - DESCRIPCION FISICA
Extensión 132 páginas :
Otros detalles físicos mapas, tablas y fotografías a color ;
Dimensiones 23 x 16 cm.
650 26 - ASIENTO SECUNDARIO DE MATERIA - TERMINO TEMATICO
Término temático o nombre geográfico como elemento de entrada Biodiversidad
Subdivisión general Políticas
Subdivisión geográfica Colombia
Subdivisión cronológica 2016-2030
Subdivisión de forma planes de acción
9 (RLIN) 91989
650 26 - ASIENTO SECUNDARIO DE MATERIA - TERMINO TEMATICO
Término temático o nombre geográfico como elemento de entrada Servicios de los ecosistemas
Subdivisión general Políticas
Subdivisión geográfica Colombia
9 (RLIN) 91990
650 26 - ASIENTO SECUNDARIO DE MATERIA - TERMINO TEMATICO
Término temático o nombre geográfico como elemento de entrada Gestión ambiental
Subdivisión geográfica Colombia
9 (RLIN) 91991
942 ## - ELEMENTOS ADICIONALES (KOHA)
Sistema de clasificación Dewey Decimal Classification
Tipo de ítem Libro
Existencias
Withdrawn status Lost status Sistema de Clasificación Damaged status No para préstamo Colección Inventariado Ubicación Permanente Ubicación actual Fecha de adquisición Fuente de Valor Valor Total Checkouts Número topográfico Inventario / Código de Barras Date last seen Ejemplar Price effective from Forma de adquisición Tipo de material
    Dewey Decimal Classification     General Inventariado 2018 Bogotá Bogotá 31/07/2018 Ministerio de Ambiente y Desarrollo Sostenible 39000.00   LB-333.9515 C71p 030306 31/07/2018 Ej. 1 31/07/2018 Donación Libro
    Dewey Decimal Classification     General Inventariado 2018 Bogotá Bogotá 31/07/2018 Ministerio de Ambiente y Desarrollo Sostenible 39000.00   LB-333.9515 C71p 030307 31/07/2018 Ej. 2 31/07/2018 Donación Libro